Hijos con autoestima positiva: guía para pobres (Registro nro. 3546)
[ vista simple ]
| 000 -CABECERA | |
|---|---|
| campo de control de longitud fija | 00736nam a22002537a 4500 |
| 005 - FECHA Y HORA DE ACTUALIZACIÓN | |
| campo de control | 20161102150101.0 |
| 008 - LONGITUD FIJA | |
| campo de control de longitud fija | 150303b xxu||||| |||| 00| 0 ES d |
| 041 ## - IDIOMA | |
| Código de idioma del texto/pista de sonido o título separado | |
| 082 ## - CLASIFICACIÓN DECIMAL DEWEY | |
| Número de clasificación | 155.4 M644h |
| 100 ## - AUTOR PERSONAL | |
| Nombre de persona | Milicic, Neva |
| 245 ## - TÍTULO PROPIAMENTE DICHO | |
| Título | Hijos con autoestima positiva: guía para pobres |
| 260 ## - PIE DE IMPRENTA | |
| Lugar de publicación, distribución, etc. | Colombia |
| Nombre del editor, distribuidor, etc. | Norma |
| Fecha de publicación, distribución, etc. | 2010 |
| 300 ## - DESCRIPCIÓN FÍSICA | |
| Extensión | 328 páginas |
| 650 ## - Materia General | |
| Materia general | AUTOESTIMA |
| 650 ## - Materia General | |
| Materia general | AUTOESTIMA EN NIÑOS |
| 650 ## - Materia General | |
| Materia general | PSICOLOGÍA INFANTIL |
| 650 ## - Materia General | |
| Materia general | AUTOESTIMA POSITIVA |
| 650 ## - Materia General | |
| Materia general | AUTOESTIMA NEGATIVA |
| 650 ## - Materia General | |
| Materia general | DESARROLLO EMOCIONAL |
| 650 ## - Materia General | |
| Materia general | FAMILIA |
| 650 ## - Materia General | |
| Materia general | COMUNICACIÓN |
| 650 ## - Materia General | |
| Materia general | DESARROLLO SOCIOEMOCIONAL |
| 942 ## - Punto de Acceso Adicional Koha | |
| Tipo de ítem Koha | Libro |
| Estado perdido | Estado dañado | No para préstamo | Biblioteca permanente | Biblioteca actual | Signatura completa | Código de barras | Precio efectivo a partir del | Tipo de ítem |
|---|---|---|---|---|---|---|---|---|
| Departamento de Biblioteca y Documentación Alfonso Chase Brenes | Departamento de Biblioteca y Documentación Alfonso Chase Brenes | 155.4 M644h | 18374 | 02/11/2016 | Libro |